Teritoriálne priemyselné útvary Slovenska

Saved in:
Bibliographic Details
Main Author: Mládek, Jozef
Format: Book
Language:Slovak
Published: Bratislava Univerzita Komenského v Bratislave 1990
Edition:1. vyd.
Subjects:
Tags: Add Tag
No Tags, Be the first to tag this record!

MARC

LEADER 00000nam a2200000 4500
001 c000985
005 20221215071653.1
020 |a 80-223-0006-3 
041 0 |a slo 
044 |a SK 
245 1 0 |a Teritoriálne priemyselné útvary Slovenska  |c Jozef Mládek 
250 |a 1. vyd. 
264 1 |a Bratislava  |b Univerzita Komenského v Bratislave  |c 1990 
300 |a 290 s.  |e príl. 23 s. 
610 2 0 |a ekonomika priestorová 
610 2 0 |a rozvoj regionálny 
610 2 0 |a regióny priemyselné 
610 2 0 |a regióny ekonomické 
610 2 0 |a komplex priemyselný 
610 2 0 |a Slovensko 
610 2 0 |a dejiny hospodárske 
610 2 0 |a podnik priemyselný 
610 2 0 |a industrializácia 
610 2 0 |a urbanizácia 
610 2 0 |a priemysel strojársky 
610 2 0 |a hutníctvo 
610 2 0 |a priemysel sklársky 
610 2 0 |a priemysel textilný 
610 2 0 |a potravinárstvo 
610 2 0 |a priemysel odevný 
610 2 0 |a priemysel chemický 
610 2 0 |a priemysel drevársky 
100 1 |a Mládek, Jozef